LEADER 01413nam0-22004451i-450- 001 990003789580403321 005 20090226124358.0 010 $a88-397-0588-0 035 $a000378958 035 $aFED01000378958 035 $a(Aleph)000378958FED01 035 $a000378958 100 $a20090226d1990----km-y0itay50------ba 101 0 $aita 102 $aIT 105 $ay-------001cy 200 1 $aCrescere con lo spot$epubblicità televisiva e socializzazione infantile$fGianni Statera, Sara Bentivegna, Mario Morcellini$gpremessa di Francesco Spinelli 210 $aTorino$cNuova Eri$dc1990 215 $a158 p.$ctab.$d21 cm 225 1 $a<>comunicazioni di massa$v41 610 0 $aPubblicità televisiva$aInfluenza sui bambini 610 0 $aBambini$aSocializzazione 610 0 $aPubblicità$aAspetti sociali 610 0 $aBambini e pubblicità televisiva 676 $a659.143 083 676 $a303.327 676 $a659.104 2 676 $a302.234 5 700 1$aStatera,$bGianni$f<1953-1999>$0343065 701 1$aBentivegna,$bSara$f<1959- >$0143414 701 1$aMorcellini,$bMario$f<1946- >$0376367 801 0$aIT$bUNINA$gRICA$2UNIMARC 901 $aBK 912 $a990003789580403321 952 $a659.143083 BEN 1$b2314$fBFS 952 $aCOLLEZ. 816 (41)$b36025$fFSPBC 959 $aBFS 959 $aFSPBC 996 $aCrescere con lo spot$9506439 997 $aUNINA LEADER 01868oam 2200493M 450 001 9910716257403321 005 20200213070505.9 035 $a(CKB)5470000002519551 035 $a(OCoLC)1065774671 035 $a(OCoLC)995470000002519551 035 $a(EXLCZ)995470000002519551 100 $a20071213d1926 ua 0 101 0 $aeng 135 $aurcn||||||||| 181 $ctxt$2rdacontent 182 $cc$2rdamedia 183 $acr$2rdacarrier 200 10$aProtection of government property adjacent to Lowell Creek, Alaska. March 22, 1926. -- Committed to the Committee of the Whole House on the State of the Union and ordered to be printed 210 1$a[Washington, D.C.] :$c[U.S. Government Printing Office],$d1926. 215 $a1 online resource (2 pages) 225 1 $aHouse report / 69th Congress, 1st session. House ;$vno. 612 225 1 $a[United States congressional serial set] ;$v[serial no. 8532] 300 $aBatch processed record: Metadata reviewed, not verified. Some fields updated by batch processes. 300 $aFDLP item number not assigned. 606 $aFlood control 606 $aGovernment property 606 $aBodies of water 606 $aRivers 606 $aCost 608 $aLegislative materials.$2lcgft 615 0$aFlood control. 615 0$aGovernment property. 615 0$aBodies of water. 615 0$aRivers. 615 0$aCost. 701 $aCurry$b Charles F$g(Charles Forrest),$f1858-1930$pRepublican (CA)$01392537 801 0$bWYU 801 1$bWYU 801 2$bOCLCO 801 2$bOCLCQ 906 $aBOOK 912 $a9910716257403321 996 $aProtection of government property adjacent to Lowell Creek, Alaska. March 22, 1926. -- Committed to the Committee of the Whole House on the State of the Union and ordered to be printed$93517531 997 $aUNINA LEADER 02908oas 2200997 a 450 001 9910144889203321 005 20251106213014.0 011 $a1751-732X 035 $a(DE-599)ZDB2365209-3 035 $a(DE-599)2365209-3 035 $a(OCoLC)85855077 035 $a(CONSER) 2007263038 035 $a(CKB)1000000000240285 035 $a(EXLCZ)991000000000240285 100 $a20070314a20079999 sy 101 0 $aeng 135 $aurmn||||||||| 181 $ctxt$2rdacontent 182 $cc$2rdamedia 183 $acr$2rdacarrier 200 10$aAnimal $ethe international journal of animal bioscience 210 $aCambridge, England $cCambridge University Press$d©2007- 300 $aRefereed/Peer-reviewed 300 $aTitle from issue table of contents (Cambridge University Press, viewed June 4, 2007). 311 08$a1751-7311 606 $aAnimal breeding$vPeriodicals 606 $aAnimal genetics$vPeriodicals 606 $aAnimal nutrition$vPeriodicals 606 $aPhysiology$vPeriodicals 606 $aEnvironmental sciences$vPeriodicals 606 $aE?levage$vPe?riodiques 606 $aGe?ne?tique animale$vPe?riodiques 606 $aAnimaux$xAlimentation$vPe?riodiques 606 $aPhysiologie$vPe?riodiques 606 $aSciences de l'environnement$vPe?riodiques 606 $aAnimal breeding$2fast$3(OCoLC)fst00809106 606 $aAnimal genetics$2fast$3(OCoLC)fst00809196 606 $aAnimal nutrition$2fast$3(OCoLC)fst00809306 606 $aEnvironmental sciences$2fast$3(OCoLC)fst00913474 606 $aPhysiology$2fast$3(OCoLC)fst01063177 608 $aPeriodicals.$2fast 615 0$aAnimal breeding 615 0$aAnimal genetics 615 0$aAnimal nutrition 615 0$aPhysiology 615 0$aEnvironmental sciences 615 6$aE?levage 615 6$aGe?ne?tique animale 615 6$aAnimaux$xAlimentation 615 6$aPhysiologie 615 6$aSciences de l'environnement 615 7$aAnimal breeding. 615 7$aAnimal genetics. 615 7$aAnimal nutrition. 615 7$aEnvironmental sciences. 615 7$aPhysiology. 676 $a636 712 02$aBritish Society of Animal Science 712 02$aInstitut national de la recherche agronomique (France) 712 02$aEuropean Association for Animal Production 801 0$bXFF 801 1$bXFF 801 2$bMUQ 801 2$bTXA 801 2$bOCL 801 2$bOCLCQ 801 2$bHEBIS 801 2$bOCLCQ 801 2$bOCLCF 801 2$bOCLCO 801 2$bOCLCQ 801 2$bOCLCO 801 2$bOCLCA 801 2$bAU@ 801 2$bU3W 801 2$bDLC 801 2$bOCLCO 801 2$bQGK 801 2$bOCLCQ 801 2$bUAB 801 2$bOCLCL 801 2$bOCLCQ 906 $aJOURNAL 912 $a9910144889203321 996 $aAnimal$91760603 997 $aUNINA